|
|
|
|
| LEADER |
00763ncm a22002412a 4500 |
| 001 |
000547387 |
| 003 |
CZ BrMZK |
| 005 |
20100617100252.0 |
| 007 |
qu |
| 008 |
000105s1949 xr f cze d |
| 040 |
|
|
|a BOA001
|b cze
|
| 072 |
|
7 |
|a 784
|x Vokální hudba
|2 Konspekt
|9 9
|
| 245 |
0 |
0 |
|a Zamučen tjaželoj nevolej
|h [hudebnina] =
|b Ty v poutech a soužen zlou bídou : ruská revoluční píseň /
|c čes. text J. Urban
|
| 246 |
3 |
1 |
|a Ty v poutech a soužen zlou bídou
|
| 260 |
|
|
|a Praha :
|b Svět sovětů,
|c [1949]
|
| 300 |
|
|
|a [ii] s.
|
| 490 |
1 |
|
|a Písně SSSR ;
|v 40
|
| 500 |
|
|
|a Zpěv pro 2 hlasy bez průvodu
|
| 700 |
1 |
|
|a Urban, Josef,
|d 1907-1983
|7 jk01140808
|4 lyr
|
| 830 |
|
0 |
|a Písně SSSR
|
| 910 |
|
|
|a BOA001
|b Mus1-0270.335
|
| 990 |
|
|
|a MU
|
| 991 |
|
|
|b 201006
|